Nena Maldición - Paulo Londra, Lenny Tavárez - Estadísticas

Estadísticas generales
  • Esta prueba ha sido intentada 69 veces
  • La puntuación promedio es 219 de 341
Estadísticas de respuestas
Letra % Correcto
a
91%
maldición
91%
Nena
91%
nena
91%
y
91%
Y
91%
la
86%
me
86%
Me
86%
mi
86%
ni
86%
se
86%
86%
Se
86%
con
77%
Con
77%
el
77%
lo
77%
no
77%
No
77%
pero
77%
que
77%
qué
77%
Que
77%
Si
77%
vos
77%
Yo
77%
como
73%
Como
73%
conozco
73%
ella
73%
en
73%
jugaría
73%
Por
73%
te
73%
tu
73%
73%
73%
un
73%
dar
68%
de
68%
fría
68%
nieve
68%
pa
68%
baby
64%
ciudad
64%
Ey
64%
hasta
64%
Hasta
64%
más
64%
para
64%
Para
64%
congela
59%
Mirada
59%
oh
59%
quiere
59%
siempre
59%
to
59%
atención
55%
eleve
55%
estoy
55%
Estoy
55%
muriendo
55%
muy
55%
tiene
55%
uno
55%
acá
50%
bien
50%
Compraría
50%
gente
50%
hace
50%
iguales
50%
los
50%
miedo
50%
mil
50%
ojos
50%
pretendientes
50%
regales
50%
Seguro
50%
siente
50%
sin
50%
somos
50%
tal
50%
toca
50%
toda
50%
tus
50%
una
50%
valiente
50%
azul
45%
diga
45%
mismos
45%
perdido
45%
ratito
45%
ser
45%
venga
45%
ver
45%
Antonella
41%
bésame
41%
errores
41%
ese
41%
eso
41%
hacerle
41%
Messi
41%
novela
41%
problema
41%
Quiero
41%
quiero
41%
rojos
41%
vamo
41%
ves
41%
debe
36%
Estaríamos
36%
lengua
36%
seas
36%
Soy
36%
ternuras
36%
tuyo
36%
Úsame
36%
úsame
36%
vivir
36%
amanecer
32%
azules
32%
boca
32%
colegio
32%
cualquiera
32%
dale
32%
exclusivo
32%
seca
32%
Hazme
27%
prender
27%
Prepárate
27%
Relajados
27%
remojo
27%
vemos
23%
Quemando
14%
salimos
9%
No se encontraron pruebas coincidentes
Distribución de puntuación
Porcentaje de gente con cada puntuación
Porcentaje por número respondido
Historial de tus puntuaciones
No has intentado esta prueba.